000 00983cab a2200253 4500
001 ABS60039
008 090401t1999 xxu||||| |||| 00| 0 eng d
035 _a(Sirsi) u90834
041 _aeng
100 _aWard, C.
245 _aTaking the delay out of conveyancing
260 _c1999
350 _a0
490 _aThe Valuer
_v68(1) January/February 1999, 14(1)
520 _aExamines developments such as Transaction 2000, the new draft conveyancing protocol, and the National Land Information Service which aim to speed up the conveyancing process. Argues that firms need to face up to the challenge of electronic conveyancing sooner rather than later.
650 _aESTATE AGENTS
650 _aPROPERTY-RESIDENTIAL PROPERTY-ACQUISITION AND DISPOSAL OF RESIDENTIAL PROPERTY
650 _aHM LAND REGISTRY
650 _aNATIONAL LAND INFORMATION SERVICE
650 _aTRANSACTION 2000
690 _aPROPERTY LAW AND PRACTICE
942 _n0
948 _c20/01/1999
999 _c57618
_d57618